Buchstabiertafel - Statistiken

Allgemein
  • Dieses Quiz wurde 145 mal gespielt
  • Das Durchschnittsergebnis liegt bei 16 aus 32
Antwortstatistiken
Buchstabe Antwort % Korrekt
A Anton
91%
B Berta
86%
E Emil
82%
D Dora
76%
C Cäsar
73%
F Friedrich
68%
G Gustav
67%
O Otto
65%
I Ida
64%
H Heinrich
63%
N Nordpol
60%
T Theodor
57%
L Ludwig
56%
M Martha
54%
P Paula
52%
R Richard
51%
U Ulrich
47%
V Viktor
45%
W Wilhelm
45%
K Kaufmann
43%
X Xanthippe
42%
Y Ypsilon
42%
Sch Schule
38%
J Julius
36%
Ä Ärger
35%
Ch Charlotte
32%
Q Quelle
32%
Ü Übermut
31%
ß Eszett
30%
Z Zacharias
30%
S Samuel
29%
Ö Ökonom
26%
Keine übereinstimmenden Quizze gefunden
Verteilung der Resultate
Anzahl Personen mit jedem Resultat
Perzentil nach korrekt beantworteten Fragen
Ihre Resultats-Entwicklung
Sie haben dieses Quiz noch nicht gespielt